000 00662nam a2200169 i 4500
001 156120
003 ES-MaACL
005 20230906210327.0
008 010711s1870 sp ab |||| | spa d
040 _aCCPB | B
_bspa
_cCCPB | B
110 1 _aEspaña.
_bCuerpo de Estado Mayor del Ejército.
_9140419
245 1 0 _aItinerario general militar de España /
_cpor el cuerpo de E. M. del Ejército, Capitanía General de las Provincias Vascongadas.
260 _a[Madrid] :
_bDepósito de la Guerra,
_c1870.
300 _a5 p., [92] h. de map. ;
_c9 x 15 cm.
651 4 _aPaís Vasco-
_vMapas militares.
_9161596
852 _aES-MaACL
_jG-13413
_z-- Enc. ed. hol.
999 _c156120
_d156120